000 00456nam a2200193Ia 4500
008 170918s9999 xx 000 0 und d
020 _a439287162
050 _bD372 2000
100 _aDemarest, Chris L.
245 _aFirefighters a to z /
245 _cby Chris L. Demarest.
260 _aNew York :
260 _bScholastic,
260 _c2000
300 _aunpaged :
300 _bcolored illustration ;
300 _c30cm.
500 _a310
999 _c343064
_d343064